| 000 | 00643nam a2200205Ia 4500 | ||
|---|---|---|---|
| 008 | 220216s9999 xx 000 0 und d | ||
| 100 | _aJayasuriya K E | ||
| 245 | 0 | _aIsolation of anti-fungal phenolic compounds from petiols of two Hevea brasiliensis (rubber) genotypes and their effect on Phytophthora meadii | |
| 260 |
_bAnnals of Applied Biology _c2003 |
||
| 300 | _a63-69 | ||
| 650 | _aAnti-fungal activity | ||
| 650 | _aPhytophthora leaf disease | ||
| 650 | _aPlant extracts | ||
| 650 | _aRubber | ||
| 650 | _aVanillin | ||
| 700 | _aDeraniyagala S A | ||
| 700 | _aWijesundera R L C | ||
| 856 | _uCopy of article | ||
| 942 | _cJS | ||
| 999 |
_c61740 _d61740 |
||